000 00582nam a2200193Ia 4500
005 20250508150513.0
008 008 250505s9999 xx 000 0 eng d
037 _aTextual
040 _aFEDL
_beng
_cFEDL
041 _aeng
_2eng
084 _a370.973, AIK
_qFEDL
100 _aAikin Wilford M
_9756841
245 0 _aStory of the eight-year study : With conclusions and recommendations
260 _aNew York, USA
_bHarper and Brothers Publisher
_c1942
300 _a157p.
650 _aEducation
942 _cTEXL
_h370.973, AIK
999 _c1323945
_d1323945